Wide-ranging landfill tax exemptions move forward. (Record no. 61028)

MARC details
000 -LEADER
fixed length control field 00942cam a2200181 4500
001 - CONTROL NUMBER
control field ABS61295
008 - FIXED-LENGTH DATA ELEMENTS--GENERAL INFORMATION
fixed length control field 000000n1999 000 0 eng u
035 ## - SYSTEM CONTROL NUMBER
System control number (Sirsi) u101930
245 ## - TITLE STATEMENT
Title Wide-ranging landfill tax exemptions move forward.
260 ## - PUBLICATION, DISTRIBUTION, ETC.
Date of publication, distribution, etc. 1999
490 ## - SERIES STATEMENT
Series statement ENDS Report
Volume/sequential designation 295) August 1999, 42(1)
520 ## - SUMMARY, ETC.
Summary, etc. From the 1 October 1999 about 400 inert waste landfills will be exempted from landfill tax. Summarises these new provisions and looks at how the landfill tax has been operating. The Landfill Tax (Site Restoration and Quarries) Order 1999 (SI 1999 2075) is available on the internet at http://www.legislation.hmso.gov.uk/stat.htm; a Customs & Excise note, Landfill tax information not 1/99: restoring landfill sites and filling quarries is available from the Landfill Tax helpdesk, 0645 128484.
650 ## - SUBJECT ADDED ENTRY--TOPICAL TERM
Topical term or geographic name entry element LANDFILL TAX
650 ## - SUBJECT ADDED ENTRY--TOPICAL TERM
Topical term or geographic name entry element WASTE MANAGEMENT
650 ## - SUBJECT ADDED ENTRY--TOPICAL TERM
Topical term or geographic name entry element QUARRIES
690 ## - LOCAL SUBJECT ADDED ENTRY--TOPICAL TERM (OCLC, RLIN)
Topical term or geographic name as entry element TAXATION
942 ## - ADDED ENTRY ELEMENTS (KOHA)
Suppress in OPAC 0
Holdings
Withdrawn status Lost status Source of classification or shelving scheme Damaged status Not for loan Home library Current library Shelving location Date acquired Total Checkouts Full call number Barcode Date last seen Copy number Price effective from Koha item type
    Dewey Decimal Classification     London London Journal article 12/11/1999   ABS61295 101930-1001 06/08/2019 1 06/08/2019 Journal article